00473nam a2200169 a 450008200150000010000200001524500380003526000240007330000090009750000350010650500120014165000120015370000200016594200070018595200960019299900150028800a265.1bFLE aFlemington, W F aNew Testament Doctrine of Baptism aLondonbIspckc1948 a160p aincludes index and biblioraphy2 aIndexes aBaptism1 aFlemington, W F cBK 00104070aHMIbHMId2007-06-20g100.00l0o265.1 FLEp14389r2007-06-20w2026-01-16yARB c7188d7188